{"text_format":"3","workbook":"xlsx","n_sheets":3,"sheets":["Sheet1","Sheet2","Sheet3"],"read":"whole","date_system":"1900"}

{"sheet":"Sheet1","index":0,"n_rows":20,"n_cols":8,"rows_kept":20,"merged":[[0,1,0,7],[2,0,18,0]]}
[null,"家具拟采购清单"]
[null,"序号","名称","规格","单位","数量","预算单价","预算总价（元）"]
["家具类",1,"304不锈钢发药车（两层抽屉）",null,"辆",1,3000,{"$f":"F3*G3","v":3000}]
[null,2,"治疗车（304不锈钢）",null,"辆",1,3000,3000]
[null,3,"陪客椅",null,"把",40,600,24000]
[null,4,"床头柜","病房使用标准","个",32,450,14400]
[null,5,"文件柜","铁质，标准","个",6,1000,6000]
[null,6,"组合货架",null,"组",1,800,800]
[null,7,"储物柜",null,"个",13,1500,19500]
[null,8,"高低床","标准单人、双层","张",1,1500,1500]
[null,9,"办公桌椅（1.8米）","桌面长1.8米","套",2,1400,2800]
[null,10,"S型异形沙发",null,"套",4,4200,16800]
[null,11,"会议辅导桌椅",null,"套",4,4000,16000]
[null,12,"简易会议椅","带靠背","把",24,150,3600]
[null,13,"长会议桌",null,"套",2,2500,5000]
[null,14,"简易单人沙发",null,"把",25,300,7500]
[null,15,"办公桌椅套装",null,"套",4,1700,6800]
[null,16,"定制导医台",null,"套",1,20000,20000]
[null,17,"无靠背长条候诊椅","长1.2米",null,7,300,2100]
["请提供高品质家具，具体参数，规格，可以现场交流，须满足专科医院病区使用。"]

{"sheet":"Sheet2","index":1,"n_rows":0,"n_cols":0,"rows_kept":0}

{"sheet":"Sheet3","index":2,"n_rows":0,"n_cols":0,"rows_kept":0}